| 000 | 00880nam a22002057a 4500 | ||
|---|---|---|---|
| 999 |
_c8129 _d8129 |
||
| 003 | AR-CdUCM | ||
| 008 | 190322b ||||| |||| 00| 0 spa d | ||
| 040 |
_aMUNICIPALIDAD PROVINCIAL DEL CUSCO _cBIBLIOTECA MUNICIPAL DEL CUSCO |
||
| 082 |
_a510.7 / _bT79 |
||
| 100 |
_aTrejo, Cesar A. _922954 |
||
| 245 |
_aCiclo medio de matemática moderna : _bGeometría vectorial en coordenadas, trigonometría, complementos, ecuaciones / |
||
| 260 |
_aBuenos Aires : _bEditorial universitaria de buenos aires, _c1969. |
||
| 300 |
_a416 paginas ; _c22 cm. |
||
| 505 | _aContenido :Vectores fijos y relaciones de equivalencia -- Vectores libres -- Transformaciones afines y abscisas -- El numero complejo -- Trinomio y ecuación de segundo grado ... | ||
| 650 |
_aMatemática pura _920304 |
||
| 650 |
_aÁlgebra _919778 |
||
| 650 |
_aAritmética _919777 |
||
| 942 |
_2ddc _cLIBROS |
||
| 945 | _arum | ||